Music Quiz

Random Music or Song Quiz

'90s Songs by Two Lyrics Quiz Stats

 Plays Quiz Updated Mar 7, 2016

Score 0/22 Timer 06:00
6 Plays Today
% Correct
Mambo No. 5 (A Little Bit of...) (Lou Bega)
85.4%
All I Want For Christmas (Mariah Carey)
84.7%
Baby Got Back (Sir Mix-a-Lot)
81.4%
Friday I'm in Love (The Cure)
76.9%
Waterfalls (TLC)
74.1%
...Oops! I Did it Again (Britney Spears)
66.6%
Smells Like Teen Spirit (Nirvana)
63.5%
Vogue (Madonna)
63.4%
Ironic (Alanis Morissette)
62.4%
Genie in a Bottle (Christina Aguilera)
58.4%
Gangsta's Paradise (Coolio)
58.1%
% Correct
I Don't Want to Miss a Thing (Aerosmith)
56.1%
Wonderwall (Oasis)
50.3%
Good Riddance (Time of Your Life) (Green Day)
48.2%
Black or White (Michael Jackson)
46.1%
Kiss From a Rose (Seal)
45.3%
Truly Madly Deeply (Savage Garden)
37.2%
Losing My Religion (R.E.M)
35.5%
Iris (Goo Goo Dolls)
32.8%
Smooth (Santana ft. Rob Thomas)
27.4%
One (U2)
22.5%
Paranoid Android (Radiohead)
15.5%

You're not logged in!

Compare scores with friends on all Sporcle quizzes.
OR
Log In

Show Comments

Extras

Top Quizzes Today


Score Distribution

Your Account Isn't Verified!

In order to create a playlist on Sporcle, you need to verify the email address you used during registration. Go to your Sporcle Settings to finish the process.

Report this User

Report this user for behavior that violates our Community Guidelines.

Details: